[Event "TUR-chT Clubs"]
[Site "Konya"]
[Date "2019.07.21"]
[Round "9.20"]
[White "Genc, Ugur Can"]
[Black "Karaman, Arda"]
[Result "1-0"]
[WhiteElo "1582"]
[BlackElo "1082"]
[PlyCount "61"]
[EventDate "2019.07.16"]
[EventType "team-swiss"]
[EventRounds "9"]
[EventCountry "TUR"]
[SourceTitle "CBM 191 Extra"]
[Source "ChessBase"]
[SourceDate "2019.09.30"]
[SourceVersion "1"]
[SourceVersionDate "2019.09.30"]
[SourceQuality "1"]
[WhiteTeam "Elazig Genclik"]
[BlackTeam "Cotanak"]
[WhiteTeamCountry "TUR"]
[BlackTeamCountry "TUR"]

1. e4 e5 2. Nf3 Nc6 3. Bb5 d6 4. d4 a6 5. Bxc6+ bxc6 6. dxe5 Qe7 7. Qd4 Bb7 8. Nc3 Qe6 9. Bf4 Qg4 10. Bg3 c5 11. Qa4+ Qd7 12. Qxd7+ Kxd7 13. 0-0-0 Rd8 14. exd6 cxd6 15. Ne5+ Ke7 16. Nc4 Ke6 17. f4 d5 18. exd5+ Bxd5 19. Nxd5 Rxd5 20. Rhe1+ Kd7 21. Rxd5+ Kc6 22. Rd8 Be7 23. Rxe7 Nxe7 24. Rxh8 Nd5 25. Ne5+ Kb5 26. Nxf7 Ne3 27. Rb8+ Kc6 28. Bf2 Nd5 29. Rc8+ Nc7 30. Rxc7+ Kxc7 31. Bxc5 1-0

[Event "TUR-chT Clubs"]
[Site "Konya"]
[Date "2019.07.20"]
[Round "8.24"]
[White "Kara, Muhammed Ozcan"]
[Black "Genc, Ugur Can"]
[Result "0-1"]
[WhiteElo "1196"]
[BlackElo "1582"]
[PlyCount "74"]
[EventDate "2019.07.16"]
[EventType "team-swiss"]
[EventRounds "9"]
[EventCountry "TUR"]
[SourceTitle "CBM 191 Extra"]
[Source "ChessBase"]
[SourceDate "2019.09.30"]
[SourceVersion "1"]
[SourceVersionDate "2019.09.30"]
[SourceQuality "1"]
[WhiteTeam "Hartlap Koyu Ali Dogan"]
[BlackTeam "Elazig Genclik"]
[WhiteTeamCountry "TUR"]
[BlackTeamCountry "TUR"]

1. e4 c5 2. Nf3 e6 3. d4 cxd4 4. Nxd4 Nf6 5. Nc3 Bb4 6. Bd3 e5 7. Nf3 d5 8. exd5 Nxd5 9. Bd2 Bxc3 10. Bxc3 Nxc3 11. bxc3 Nc6 12. 0-0 0-0 13. h3 Be6 14. Re1 Qc7 15. Qe2 f6 16. Bc4 Bxc4 17. Qxc4+ Qf7 18. Qxf7+ Rxf7 19. Red1 Rc8 20. Rab1 Rfc7 21. Rb3 Kf7 22. Nh4 Ne7 23. Nf3 b6 24. Ra3 Nc6 25. c4 Na5 26. Rc3 Nxc4 27. Re1 Rc6 28. Re4 Nd2 29. Rxc6 Nxf3+ 30. gxf3 Rxc6 31. Ra4 a5 32. c4 Ke6 33. Kf1 Kd6 34. Ke2 Kc5 35. Kd3 Rd6+ 36. Kc2 Rd4 37. Kc3 Rf4 0-1

[Event "TUR-chT Clubs"]
[Site "Konya"]
[Date "2019.07.19"]
[Round "6.16"]
[White "Genc, Ugur Can"]
[Black "Saglam, Baver"]
[Result "1-0"]
[WhiteElo "1582"]
[BlackElo "1334"]
[PlyCount "77"]
[EventDate "2019.07.16"]
[EventType "team-swiss"]
[EventRounds "9"]
[EventCountry "TUR"]
[SourceTitle "CBM 191 Extra"]
[Source "ChessBase"]
[SourceDate "2019.09.30"]
[SourceVersion "1"]
[SourceVersionDate "2019.09.30"]
[SourceQuality "1"]
[WhiteTeam "Elazig Genclik"]
[BlackTeam "Cendosk Cendere Doga"]
[WhiteTeamCountry "TUR"]
[BlackTeamCountry "TUR"]

1. e4 e5 2. Nf3 Nc6 3. Bc4 Bc5 4. c3 Nf6 5. d3 0-0 6. 0-0 h6 7. d4 Bb6 8. dxe5 Nxe4 9. Bd5 Nc5 10. Nbd2 Ne7 11. Be4 d5 12. Bb1 Bg4 13. b4 Nd7 14. Re1 c6 15. Qe2 a5 16. h3 Be6 17. Nb3 axb4 18. Nfd4 Re8 19. cxb4 c5 20. Nb5 d4 21. bxc5 Bxb3 22. cxb6 Qxb6 23. Nd6 Red8 24. Qd3 Nxe5 25. Qh7+ Kf8 26. Bxh6 Rxd6 27. Bxg7+ Ke8 28. Rxe5 Kd7 29. Bf5+ Nxf5 30. Qxf5+ Be6 31. Qd3 Rxa2 32. Rxa2 Bxa2 33. Bf8 Rc6 34. Re7+ Kd8 35. Kh2 Be6 36. Qa3 Rc8 37. Rxf7 Rc7 38. Be7+ Ke8 39. Rf8+ 1-0

[Event "TUR-chT Clubs"]
[Site "Konya"]
[Date "2019.07.17"]
[Round "2.27"]
[White "Ilcin, Muhammed Yusuf"]
[Black "Genc, Ugur Can"]
[Result "0-1"]
[WhiteElo "1056"]
[BlackElo "1582"]
[PlyCount "118"]
[EventDate "2019.07.16"]
[EventType "team-swiss"]
[EventRounds "9"]
[EventCountry "TUR"]
[SourceTitle "CBM 191 Extra"]
[Source "ChessBase"]
[SourceDate "2019.09.30"]
[SourceVersion "1"]
[SourceVersionDate "2019.09.30"]
[SourceQuality "1"]
[WhiteTeam "Siirt Genclik"]
[BlackTeam "Elazig Genclik"]
[WhiteTeamCountry "TUR"]
[BlackTeamCountry "TUR"]

1. e4 c5 2. f4 e6 3. Nf3 Nc6 4. Nc3 g6 5. Bb5 Bg7 6. e5 Nge7 7. d4 cxd4 8. Nxd4 0-0 9. Be3 a6 10. Nxc6 bxc6 11. Bd3 Rb8 12. b3 d5 13. exd6 Bxc3+ 14. Bd2 Bxa1 15. dxe7 Qxe7 16. Qxa1 Bb7 17. Qe5 f6 18. Qe2 e5 19. 0-0 Rbe8 20. Qe4 c5 21. Qc4+ Kg7 22. fxe5 Qxe5 23. Bc3 Qg5 24. g3 Re3 25. Qf4 Qxf4 26. Rxf4 Re6 27. Kf2 Bd5 28. Ra4 Rfe8 29. Rxa6 Rxa6 30. Bxa6 Ra8 31. Bd3 Rxa2 32. Ke3 Kf7 33. h4 h5 34. Bd2 Ra1 35. c4 Bc6 36. Ke2 f5 37. Ke3 Ke6 38. Kf4 Ra3 39. Be3 Rxb3 40. Be2 Kd6 41. Bg1 Be4 42. Be3 Bd3 43. Bd1 Rb1 44. Ba4 Rb4 45. Be8 Rxc4+ 46. Kg5 Rg4+ 47. Kf6 c4 48. Bf4+ Rxf4 49. gxf4 c3 50. Ba4 Be2 51. Kxg6 Bg4 52. Bb3 Kc5 53. Kf6 Kd4 54. Bc2 Ke3 55. Bxf5 Bxf5 56. Kxf5 c2 57. Kg5 c1Q 58. f5 Ke4+ 59. Kf6 Qh6+ 0-1